03381nam a22001937a 45000010005000000030006000050050017000110080041000280400029000690820008000981000017001062450278001232600097004013000044004985201731005425200773022736500109030466500032031556544FISKH20250528091612.0250508b cb ||||| |||| 00| 0 eng d aFISKHbkhrcFISKHdFISKH a920 aSamnang, Mao aទេពធីតាសមុទ្រ :bប្រលោមលោកមនោសញ្ចេតនា​ /cនិពន្ធដោយអ្នកស្រី ម៉ៅ សំំណាង សមាជិកាសមាគមអ្នកនិពន្ធខ្មែរ  aភ្នំពេញ :bបណ្ណល័យ សុរិយារង្សី , c2010 .  a133 pages : billustrations ;c20 cm .  aរឿងនេះតាមដានជីវិតរបស់ ផ្កាកែវ ស្ត្រីម្នាក់ដែលបាត់បង់ឪពុកម្តាយនៅវ័យកុមារ ហើយបានបែកបាក់ពីបងស្រី និងជីតា។ ក្រោយពីបញ្ចប់ការសិក្សានៅក្រុងភ្នំពេញ និងប្រឡងជាប់បាក់ឌុប ផ្កាកែវសម្រេចចិត្តបោះបង់ការសិក្សាផ្នែកវេជ្ជសាស្ត្រ និងត្រឡប់មកថែទាំជីតា។ នៅភូមិដើម ផ្កាកែវបានជួបប្រទៈនឹងគហបីម្ចាស់ដី វិសុទ្ធសិលា ដែលបានបង្ហាញពីការស្នេហា និងការចាប់អារម្មណ៍លើនាង។ ការស្នេហារបស់គេបានបណ្តាលឲ្យផ្កាកែវសម្រេចចិត្តរៀបការជាមួយគេ ដើម្បីស្វែងរកការពិតអំពីមរណភាពរបស់បងស្រី និងតម្រុយចិញ្ចៀនពេជ្រមួយវង់។ ផ្កាកែវប្រើប្រាស់មន្តស្នេហ៍ដូចជាការស្មោះត្រង់ ចិត្តល្អ និងភាពមេត្តា ដើម្បីបំបាត់គំនុំស្នេហ៍ និងសាងស្នេហានៅក្នុងគ្រួសារថ្មី។  aThis story follows the life of Phka Keo, a young woman who lost her parents at an early age and was separated from her sister and grandfather. After completing her studies in Phnom Penh and passing the baccalaureate exam, Phka Keo decided to give up her pursuit of a medical degree and return to take care of her grandfather. Back in her home village, Phka Keo encountered Visoth Sela, a wealthy landowner who expressed his love and affection for her. His love eventually led Phka Keo to agree to marry him, in part to uncover the truth behind her sister’s death and to follow the clues tied to a mysterious diamond ring. Phka Keo used the “magic of love” — honesty, kindness, and compassion — to heal emotional wounds and build love within her new family. aទេពធីតាសមុទ្រvប្រលោមលោកមនោសញ្ចេតនា​ aTepthida samot vLove story